[Event "Landesklasse West 2013/2014"]
[Site "?"]
[Date "2014.02.02"]
[Round "6"]
[White "Kampfhenkel, Ulrich"]
[Black "Bamberg, Alexander"]
[Result "1/2-1/2"]
[WhiteElo "1931"]
[BlackElo "1853"]
[PlyCount "78"]
[EventDate "2014.??.??"]
[WhiteTeam "SV Ammern"]
[BlackTeam "SV Schmalkalden 04"]

1. e4 c5 2. Nf3 d6 3. d4 cxd4 4. Qxd4 Nc6 5. Bb5 Bd7 6. Bxc6 bxc6 7. c4 Qb6 8.
Qd3 e5 9. O-O Nf6 10. Nc3 h6 11. Be3 Qc7 12. Rad1 Rb8 13. b3 c5 14. Nh4 Be7 15.
Nf5 Bxf5 16. exf5 a6 17. h3 O-O 18. Qe2 Rfe8 19. Nd5 Nxd5 20. Rxd5 a5 21. Qg4
Kh8 22. Qh5 Bf8 23. Rfd1 Kg8 24. f6 g6 25. Qh4 Re6 26. Bxh6 Bxh6 27. Qxh6 Rxf6
28. Qd2 a4 29. Rxd6 Rxd6 30. Qxd6 Qxd6 31. Rxd6 axb3 32. axb3 Rxb3 33. Rd5 Rb1+
34. Kh2 f6 35. Rxc5 Rc1 36. Rc6 Kf7 37. g4 g5 38. f3 Rc3 39. Kg2 Rc2+ 1/2-1/2

[Event "Landesklasse West 2013/2014"]
[Site "?"]
[Date "2014.02.02"]
[Round "6"]
[White "Wissel, Daniel"]
[Black "Kurze, Christoph"]
[Result "1-0"]
[WhiteElo "1863"]
[BlackElo "1855"]
[PlyCount "63"]
[EventDate "2014.??.??"]
[WhiteTeam "SV Schmalkalden 04"]
[BlackTeam "SV Ammern"]

1. e4 c5 2. d4 cxd4 3. Nf3 e5 4. c3 dxc3 5. Nxc3 Nc6 6. Bc4 Be7 7. Qd5 d6 8.
Qxf7+ Kd7 9. Qxg7 Nf6 10. Bg5 Qf8 11. Bxf6 Qxf6 12. Qxf6 Bxf6 13. O-O-O a6 14.
Nd5 Bd8 15. Ne3 Kc7 16. Nd5+ Kd7 17. Rd2 Rf8 18. Rhd1 b5 19. Bb3 Ba5 20. Rd3
Bb7 21. Ne3 Nd4 22. Nxd4 exd4 23. Rxd4 Rac8+ 24. Kb1 Rxf2 25. Rxd6+ Kc7 26. e5
Be4+ 27. Ka1 Re2 28. Nd5+ Kb7 29. Nf6 Bxg2 30. e6 Bc6 31. Nd5 Rxe6 32. Rxe6 1-0

[Event "Landesklasse West 2013/2014"]
[Site "?"]
[Date "2014.02.02"]
[Round "6"]
[White "Salaske, Peter"]
[Black "Krannich, Steffen"]
[Result "1/2-1/2"]
[WhiteElo "1859"]
[BlackElo "1818"]
[PlyCount "37"]
[EventDate "2014.??.??"]
[WhiteTeam "SV Ammern"]
[BlackTeam "SV Schmalkalden 04"]

1. e4 d5 2. e5 c5 3. c3 Nc6 4. d4 Bf5 5. Nf3 e6 6. Be2 cxd4 7. Nxd4 Bxb1 8.
Rxb1 Nge7 9. f4 Nxd4 10. Qxd4 Nc6 11. Bb5 Be7 12. O-O O-O 13. Qf2 f6 14. exf6
Rxf6 15. Be3 Bd6 16. Qe2 Qe7 17. Rf3 Raf8 18. Rbf1 a6 19. Bd3 1/2-1/2

[Event "Landesklasse West 2013/2014"]
[Site "?"]
[Date "2014.02.02"]
[Round "6"]
[White "Burkhardt, Christian"]
[Black "Breuer, Harald"]
[Result "1/2-1/2"]
[WhiteElo "1695"]
[BlackElo "1845"]
[PlyCount "21"]
[EventDate "2014.??.??"]
[WhiteTeam "SV Schmalkalden 04"]
[BlackTeam "SV Ammern"]

1. d4 Nf6 2. c4 g6 3. g3 Bg7 4. Nc3 d5 5. cxd5 Nxd5 6. Bg2 Nxc3 7. bxc3 c5 8.
e3 O-O 9. Ne2 Qc7 10. O-O Nc6 11. a4 1/2-1/2

[Event "Landesklasse West 2013/2014"]
[Site "?"]
[Date "2014.02.02"]
[Round "6"]
[White "Dawydow, Julius"]
[Black "Weigend, Joachim"]
[Result "1/2-1/2"]
[WhiteElo "1473"]
[BlackElo "1797"]
[PlyCount "33"]
[EventDate "2014.??.??"]
[WhiteTeam "SV Ammern"]
[BlackTeam "SV Schmalkalden 04"]

1. e4 c5 2. Nf3 a6 3. d4 cxd4 4. Nxd4 Nf6 5. Nc3 e5 6. Nde2 Bb4 7. Bg5 Qb6 8.
Bxf6 Qxf6 9. Qd3 Nc6 10. g3 Nd4 11. O-O-O Nxe2+ 12. Bxe2 Bxc3 13. Qxc3 O-O 14.
f3 Qe6 15. Rd5 d6 16. Qc7 Qh6+ 17. Kd1 1/2-1/2

[Event "Landesklasse West 2013/2014"]
[Site "?"]
[Date "2014.02.02"]
[Round "6"]
[White "Röder, Detlef"]
[Black "Hentrich, Jörg"]
[Result "0-1"]
[WhiteElo "1666"]
[BlackElo "1727"]
[PlyCount "57"]
[EventDate "2014.??.??"]
[WhiteTeam "SV Schmalkalden 04"]
[BlackTeam "SV Ammern"]

1. e4 Nf6 2. Nc3 d5 3. exd5 Nxd5 4. Bc4 e6 5. Nf3 Nc6 6. O-O Nb6 7. Bb3 Be7 8.
Re1 O-O 9. Ne4 e5 10. d3 Bg4 11. c3 Kh8 12. h3 Bh5 13. Ng3 Bxf3 14. Qxf3 f5 15.
Bc2 Bc5 16. b4 Bd6 17. Bb2 Qg5 18. Bc1 Qg6 19. Nf1 Rae8 20. Qg3 Qe6 21. f4 Nd5
22. fxe5 Bxe5 23. d4 Nxd4 24. Rxe5 Qb6 25. Rxe8 Rxe8 26. Be3 Nxe3 27. cxd4 Qxd4
28. Nxe3 Rxe3 29. Qxc7 0-1

[Event "Landesklasse West 2013/2014"]
[Site "?"]
[Date "2014.02.02"]
[Round "6"]
[White "Hocke, Sebastian"]
[Black "Kuntze, Andreas"]
[Result "1/2-1/2"]
[WhiteElo "2023"]
[BlackElo "1992"]
[PlyCount "45"]
[EventDate "2014.??.??"]
[WhiteTeam "ESV Lok Meiningen"]
[BlackTeam "Schachclub Rochade Leinefelde"]

1. e4 d5 2. exd5 Nf6 3. d4 Bg4 4. Be2 Bxe2 5. Qxe2 Qxd5 6. Nf3 e6 7. c4 Bb4+ 8.
Bd2 Bxd2+ 9. Nbxd2 Qd6 10. O-O O-O 11. Ne4 Nxe4 12. Qxe4 Nc6 13. Ng5 g6 14. Qh4
h5 15. Rad1 Rad8 16. Nf3 e5 17. d5 Ne7 18. Nxe5 Qxe5 19. Rde1 Qxb2 20. Rxe7
Qxa2 21. Rxc7 b5 22. Qf6 bxc4 23. Rxf7 1/2-1/2

[Event "Landesklasse West 2013/2014"]
[Site "?"]
[Date "2014.02.02"]
[Round "6"]
[White "Kachel, Alfred"]
[Black "Lehmann, Peter"]
[Result "1/2-1/2"]
[WhiteElo "1963"]
[BlackElo "1935"]
[PlyCount "45"]
[EventDate "2014.??.??"]
[WhiteTeam "Schachclub Rochade Leinefelde"]
[BlackTeam "ESV Lok Meiningen"]

1. d4 d5 2. c4 Nf6 3. cxd5 Nxd5 4. e4 Nf6 5. Nc3 e6 6. Nf3 c5 7. Be2 cxd4 8.
Nxd4 e5 9. Nf3 Qxd1+ 10. Bxd1 Bb4 11. O-O O-O 12. Nb5 Nc6 13. a3 Ba5 14. b4 Bb6
15. Bb2 a6 16. Nd6 Rd8 17. Nc4 Bd4 18. Nxd4 Nxd4 19. Nxe5 Nxe4 20. Re1 Ng5 21.
Bxd4 Rxd4 22. Nf3 Re4 23. Be2 1/2-1/2

[Event "Landesklasse West 2013/2014"]
[Site "?"]
[Date "2014.02.02"]
[Round "6"]
[White "Scheftlein, Richard"]
[Black "Petiko, Jakob"]
[Result "0-1"]
[WhiteElo "1923"]
[BlackElo "1910"]
[PlyCount "48"]
[EventDate "2014.??.??"]
[WhiteTeam "ESV Lok Meiningen"]
[BlackTeam "Schachclub Rochade Leinefelde"]

1. d4 Nf6 2. c4 d6 3. Nc3 Nbd7 4. e4 e5 5. d5 Nc5 6. Bd3 a5 7. Nge2 Be7 8. O-O
O-O 9. b3 Nh5 10. a3 f5 11. f3 f4 12. Bb2 Rf6 13. b4 axb4 14. axb4 Rxa1 15.
Bxa1 Na6 16. Qb3 Rg6 17. Kh1 Bh4 18. Nd1 Qg5 19. Rg1 Rh6 20. Qa4 Kf8 21. g4
fxg3 22. f4 Nxf4 23. Nxf4 Qxf4 24. Rf1 g2+ 0-1

[Event "Landesklasse West 2013/2014"]
[Site "?"]
[Date "2014.02.02"]
[Round "6"]
[White "Frank, Thomas"]
[Black "Grube, Jan"]
[Result "1/2-1/2"]
[WhiteElo "1897"]
[BlackElo "1831"]
[PlyCount "112"]
[EventDate "2014.??.??"]
[WhiteTeam "Schachclub Rochade Leinefelde"]
[BlackTeam "ESV Lok Meiningen"]

1. d4 d5 2. c4 e6 3. Nc3 Nf6 4. cxd5 exd5 5. Bg5 Be7 6. Qc2 Be6 7. e3 Nbd7 8.
Bd3 c5 9. Nge2 Rc8 10. O-O c4 11. Bf5 h6 12. Bxf6 Nxf6 13. Bxe6 fxe6 14. Qg6+
Kd7 15. Nf4 Rg8 16. Qf7 Rc6 17. Ng6 Ra6 18. b3 Qe8 19. Qxe8+ Kxe8 20. bxc4 dxc4
21. Rab1 Nd5 22. Nxd5 exd5 23. Nf4 Rxa2 24. Rxb7 Ra5 25. Rfb1 g5 26. Ne6 Rg6
27. Nc7+ Kd8 28. h3 Rc6 29. Nb5 Rb6 30. Rxb6 axb6 31. f3 Kd7 32. e4 Kc6 33. Nc3
dxe4 34. fxe4 b5 35. d5+ Kc5 36. e5 b4 37. d6 Bd8 38. e6 bxc3 39. e7 c2 40. Rc1
Bxe7 41. dxe7 Ra8 42. Rxc2 Re8 43. Re2 Kd6 44. Re4 Kd5 45. Re2 Kd4 46. Kf1 c3
47. Ke1 Kd3 48. Re6 h5 49. Kd1 g4 50. hxg4 hxg4 51. g3 c2+ 52. Kc1 Kc3 53. Re1
Kd3 54. Re6 Kc3 55. Re1 Kd3 56. Re6 Kc3 1/2-1/2

[Event "Landesklasse West 2013/2014"]
[Site "?"]
[Date "2014.02.02"]
[Round "6"]
[White "Jörges, Frank"]
[Black "Seeboth, Paul"]
[Result "0-1"]
[WhiteElo "1855"]
[BlackElo "1819"]
[PlyCount "83"]
[EventDate "2014.??.??"]
[WhiteTeam "ESV Lok Meiningen"]
[BlackTeam "Schachclub Rochade Leinefelde"]

1. d4 Nf6 2. c4 d6 3. Nc3 Nbd7 4. Nf3 g6 5. g3 Bg7 6. Bg2 O-O 7. O-O c6 8. Qc2
e5 9. e3 Re8 10. Nd2 Nf8 11. d5 c5 12. a3 Bf5 13. e4 Bg4 14. b4 b6 15. b5 Qd7
16. Re1 h6 17. Qd3 g5 18. Qf1 Qe7 19. Nd1 Bxd1 20. Rxd1 Ng6 21. Qe2 Qd7 22. Nf1
Qg4 23. Bf3 Qd7 24. Ne3 Kh7 25. Nf5 Bh8 26. h4 gxh4 27. Qe3 Ng8 28. Ra2 N6e7
29. Bg4 Qd8 30. Nxh6 Ng6 31. Nxf7 Qf6 32. Ng5+ Kg7 33. Bh5 Re7 34. Qe2 Kf8 35.
Ne6+ Rxe6 36. dxe6 Qxe6 37. Bg5 N8e7 38. Rad2 Nc8 39. Bg4 Qg8 40. Bxc8 Rxc8 41.
Rxd6 Qf7 42. Qh5 0-1

[Event "Landesklasse West 2013/2014"]
[Site "?"]
[Date "2014.02.02"]
[Round "6"]
[White "Pfitzenreuter, Gerald"]
[Black "Von Otte, Wilhelm"]
[Result "1-0"]
[WhiteElo "1893"]
[BlackElo "1938"]
[PlyCount "84"]
[EventDate "2014.??.??"]
[WhiteTeam "Schachclub Rochade Leinefelde"]
[BlackTeam "ESV Lok Meiningen"]

1. e4 c5 2. c3 d5 3. exd5 Qxd5 4. Nf3 Nf6 5. Na3 a6 6. Bc4 Qd8 7. Qa4+ Bd7 8.
Qb3 e6 9. Qxb7 Bc6 10. Qb3 Bxf3 11. gxf3 Qc7 12. d3 Qc6 13. Qd1 Nbd7 14. Bb3 g6
15. Ba4 Qc7 16. Bg5 Bg7 17. Bxf6 Bxf6 18. Nc4 Rb8 19. Qe2 O-O 20. h4 h5 21.
Bxd7 Qxd7 22. O-O-O Qa4 23. b3 Qc6 24. Kc2 Rfd8 25. Qe4 Qc7 26. f4 Rd5 27. Rhg1
Rf5 28. Rg2 Qxf4 29. Ne3 Qxe4 30. dxe4 Rf4 31. Rd6 Bxh4 32. Kd3 Rxf2 33. Rxa6
Rd8+ 34. Kc4 Rxg2 35. Nxg2 Bf2 36. Nf4 h4 37. Nh3 Be3 38. e5 g5 39. Rd6 Rxd6
40. exd6 Kf8 41. a4 g4 42. Kd3 gxh3 1-0

[Event "Landesklasse West 2013/2014"]
[Site "?"]
[Date "2014.02.02"]
[Round "6"]
[White "Semisch, Helga"]
[Black "Löffelholz, Christian"]
[Result "1/2-1/2"]
[WhiteElo "1240"]
[BlackElo "1726"]
[PlyCount "28"]
[EventDate "2014.??.??"]
[WhiteTeam "ESV Lok Meiningen"]
[BlackTeam "Schachclub Rochade Leinefelde"]

1. d4 Nf6 2. e3 g6 3. f4 Bg7 4. Bd3 d5 5. Nd2 O-O 6. Ngf3 Nc6 7. a3 a6 8. O-O
Bg4 9. c4 e6 10. cxd5 exd5 11. Rb1 Re8 12. Nb3 Ne4 13. Qc2 Bxf3 14. Rxf3 Re6
1/2-1/2

[Event "Landesklasse West 2013/2014"]
[Site "?"]
[Date "2014.02.02"]
[Round "6"]
[White "Stöber, Guido"]
[Black "Grundei, Hans-Jürgen"]
[Result "1/2-1/2"]
[WhiteElo "1447"]
[BlackElo "1310"]
[PlyCount "34"]
[EventDate "2014.??.??"]
[WhiteTeam "Schachclub Rochade Leinefelde"]
[BlackTeam "ESV Lok Meiningen"]

1. e4 e5 2. Nf3 d6 3. d4 Nd7 4. Nc3 Ngf6 5. Bc4 h6 6. O-O Be7 7. Re1 O-O 8.
dxe5 dxe5 9. a3 c6 10. Qe2 b5 11. Bb3 Qc7 12. Bd2 a5 13. a4 b4 14. Nd1 Nc5 15.
Bc4 Ncxe4 16. Bd3 Nxd2 17. Nxd2 Re8 1/2-1/2

[Event "Landesklasse West 2013/2014"]
[Site "?"]
[Date "2014.03.02"]
[Round "7"]
[White "Lehmann, Peter"]
[Black "Lesser, Thomas"]
[Result "1/2-1/2"]
[WhiteElo "1935"]
[BlackElo "1855"]
[PlyCount "24"]
[EventDate "2014.??.??"]
[WhiteTeam "ESV Lok Meiningen"]
[BlackTeam "SV Schmalkalden 04"]

1. d4 d5 2. Nf3 Bf5 3. c4 e6 4. Nc3 c6 5. Bf4 Nf6 6. Qb3 Qb6 7. e3 Nbd7 8. Qxb6
axb6 9. a3 h6 10. Ne5 Be7 11. cxd5 exd5 12. O-O-O b5 1/2-1/2

[Event "Landesklasse West 2013/2014"]
[Site "?"]
[Date "2014.03.02"]
[Round "7"]
[White "Bamberg, Alexander"]
[Black "Scheftlein, Richard"]
[Result "1/2-1/2"]
[WhiteElo "1853"]
[BlackElo "1923"]
[PlyCount "29"]
[EventDate "2014.??.??"]
[WhiteTeam "SV Schmalkalden 04"]
[BlackTeam "ESV Lok Meiningen"]

1. e4 c6 2. d4 d5 3. exd5 cxd5 4. Nf3 Nc6 5. c3 Bf5 6. Bd3 Bxd3 7. Qxd3 e6 8.
Bf4 Nf6 9. Nbd2 Be7 10. h3 Rc8 11. O-O a6 12. Ne5 O-O 13. Rfe1 Qb6 14. Rab1 Qb5
15. Qxb5 1/2-1/2

[Event "Landesklasse West 2013/2014"]
[Site "?"]
[Date "2014.03.02"]
[Round "7"]
[White "Grube, Jan"]
[Black "Wissel, Daniel"]
[Result "1-0"]
[WhiteElo "1831"]
[BlackElo "1863"]
[PlyCount "81"]
[EventDate "2014.??.??"]
[WhiteTeam "ESV Lok Meiningen"]
[BlackTeam "SV Schmalkalden 04"]

1. c4 b6 2. Nc3 Bb7 3. Nf3 Nf6 4. d3 e6 5. e4 d5 6. e5 d4 7. Nb5 Bb4+ 8. Bd2
Bxd2+ 9. Qxd2 Bxf3 10. exf6 Bc6 11. fxg7 Rg8 12. Qh6 Bxb5 13. cxb5 Qd5 14. Qxh7
Qe5+ 15. Qe4 Qxe4+ 16. dxe4 e5 17. Bc4 a6 18. O-O axb5 19. Bxb5+ c6 20. Rac1
Kd7 21. Bc4 Rxg7 22. f4 f6 23. fxe5 fxe5 24. Rf8 Kc7 25. Re8 Ra5 26. Re6 Rg4
27. b4 Ra4 28. Rxe5 Rxb4 29. h3 Rg7 30. Re8 Rb2 31. g4 Rh7 32. Rf1 Nd7 33. Rf3
c5 34. Ra3 b5 35. Bd5 c4 36. Re6 c3 37. Ra7+ Kd8 38. Ra8+ Kc7 39. Rc6+ Kb7 40.
Rxc3+ Kb6 41. Rc6+ 1-0

[Event "Landesklasse West 2013/2014"]
[Site "?"]
[Date "2014.03.02"]
[Round "7"]
[White "Burkhardt, Christian"]
[Black "Von Otte, Wilhelm"]
[Result "1/2-1/2"]
[WhiteElo "1695"]
[BlackElo "1938"]
[PlyCount "31"]
[EventDate "2014.??.??"]
[WhiteTeam "SV Schmalkalden 04"]
[BlackTeam "ESV Lok Meiningen"]

1. d4 d5 2. c4 e5 3. dxe5 d4 4. Nf3 Nc6 5. a3 a5 6. Nbd2 Bg4 7. h3 Be6 8. Nb3
Bxc4 9. Nbxd4 Nxd4 10. Qxd4 Qxd4 11. Nxd4 O-O-O 12. e3 Bxf1 13. Rxf1 Bc5 14.
Nf3 Ne7 15. Bd2 Nc6 16. O-O-O 1/2-1/2

[Event "Landesklasse West 2013/2014"]
[Site "?"]
[Date "2014.03.02"]
[Round "7"]
[White "Weigend, Joachim"]
[Black "Latka, Vera"]
[Result "1/2-1/2"]
[WhiteElo "1797"]
[BlackElo "1627"]
[PlyCount "36"]
[EventDate "2014.??.??"]
[WhiteTeam "SV Schmalkalden 04"]
[BlackTeam "ESV Lok Meiningen"]

1. c4 Nf6 2. Nc3 e6 3. e4 d5 4. e5 Nfd7 5. cxd5 exd5 6. d4 c6 7. Bd3 g6 8. h4
h5 9. e6 Qe7 10. Qe2 Nf6 11. exf7+ Kxf7 12. Be3 Bh6 13. Nf3 Bxe3 14. Ne5+ Kg7
15. Nxg6 Bxf2+ 16. Kxf2 Qxe2+ 17. Nxe2 Ng4+ 18. Ke1 Re8 1/2-1/2

[Event "Landesklasse West 2013/2014"]
[Site "?"]
[Date "2014.03.02"]
[Round "7"]
[White "Rosenberg, Erik"]
[Black "Röder, Detlef"]
[Result "0-1"]
[WhiteElo "1579"]
[BlackElo "1666"]
[PlyCount "80"]
[EventDate "2014.??.??"]
[WhiteTeam "ESV Lok Meiningen"]
[BlackTeam "SV Schmalkalden 04"]

1. d4 f5 2. Nf3 Nf6 3. e3 e6 4. Bd3 d5 5. b3 Bb4+ 6. c3 Bd6 7. Ba3 Qe7 8. Bxd6
Qxd6 9. Ne5 Nbd7 10. f4 O-O 11. O-O Ne4 12. c4 Nxe5 13. fxe5 Qe7 14. cxd5 exd5
15. Nd2 Bd7 16. Rc1 c6 17. Nxe4 fxe4 18. Be2 Rxf1+ 19. Bxf1 Qg5 20. Qd2 h5 21.
Re1 Bg4 22. Be2 Bxe2 23. Qxe2 Rf8 24. Rf1 g6 25. Rxf8+ Kxf8 26. Qf2+ Ke7 27. g3
h4 28. Qf4 Qxf4 29. gxf4 Ke6 30. Kg2 Kf5 31. Kh3 g5 32. fxg5 Kxg5 33. b4 a6 34.
e6 Kf6 35. Kxh4 Kxe6 36. Kg5 b6 37. h4 c5 38. bxc5 bxc5 39. h5 cxd4 40. h6 Kf7
0-1

[Event "Landesklasse West 2013/2014"]
[Site "?"]
[Date "2014.03.02"]
[Round "7"]
[White "Essegern, Kurt"]
[Black "Wegerich, Michael"]
[Result "1/2-1/2"]
[WhiteElo "1963"]
[BlackElo "1990"]
[PlyCount "27"]
[EventDate "2014.??.??"]
[WhiteTeam "Randspringer Bad Salzungen"]
[BlackTeam "SV Ammern"]

1. e4 c5 2. Nf3 Nc6 3. d4 cxd4 4. Nxd4 Qb6 5. Nb3 Nf6 6. Nc3 e6 7. Be3 Qc7 8.
a3 a6 9. f4 d6 10. Be2 Be7 11. O-O O-O 12. Bf3 b5 13. Qd2 Bb7 14. Rac1 1/2-1/2

[Event "Landesklasse West 2013/2014"]
[Site "?"]
[Date "2014.03.02"]
[Round "7"]
[White "Schorch, Rüdiger"]
[Black "Hübschmann, Holger"]
[Result "1/2-1/2"]
[WhiteElo "1837"]
[BlackElo "1894"]
[PlyCount "33"]
[EventDate "2014.??.??"]
[WhiteTeam "SV Ammern"]
[BlackTeam "Randspringer Bad Salzungen"]

1. c4 c5 2. Nf3 Nc6 3. d4 cxd4 4. Nxd4 Nf6 5. Nc3 g6 6. e4 d6 7. Be2 Bd7 8. Be3
Bg7 9. O-O O-O 10. Nxc6 Bxc6 11. f3 Nd7 12. Qd2 a6 13. Rac1 Rb8 14. Nd5 Re8 15.
Rfd1 b6 16. b3 Ba8 17. Bf1 1/2-1/2

[Event "Landesklasse West 2013/2014"]
[Site "?"]
[Date "2014.03.02"]
[Round "7"]
[White "Essegern, Uwe"]
[Black "Kampfhenkel, Ulrich"]
[Result "1/2-1/2"]
[WhiteElo "1864"]
[BlackElo "1931"]
[PlyCount "88"]
[EventDate "2014.??.??"]
[WhiteTeam "Randspringer Bad Salzungen"]
[BlackTeam "SV Ammern"]

1. e4 e5 2. Nf3 Nc6 3. Bb5 a6 4. Ba4 d6 5. O-O Bg4 6. c3 Qf6 7. d3 Nge7 8. Qe2
Ng6 9. h3 Bxf3 10. Qxf3 Qxf3 11. gxf3 Be7 12. Kh2 O-O 13. Bd1 Nd8 14. f4 exf4
15. Nd2 Ne6 16. Nf3 c5 17. Bd2 Bf6 18. Be2 b5 19. Rfd1 Rab8 20. Rab1 a5 21. b4
cxb4 22. cxb4 a4 23. Rbc1 Rfc8 24. Rxc8+ Rxc8 25. d4 Bxd4 26. Bxb5 a3 27. Be1
Ne5 28. Nxd4 Nxd4 29. Ba4 Ra8 30. Kh1 Ndf3 31. Bb3 Rb8 32. Bc3 Rb6 33. Bxe5
Nxe5 34. b5 Kf8 35. Rd4 Ke7 36. Ra4 Rxb5 37. Rxa3 Rc5 38. Bd5 Rc2 39. Kg2 g5
40. Rb3 h5 41. a4 f3+ 42. Kg1 Rc1+ 43. Kh2 Rc2 44. Kg1 Rc1+ 1/2-1/2

[Event "Landesklasse West 2013/2014"]
[Site "?"]
[Date "2014.03.02"]
[Round "7"]
[White "Kurze, Christoph"]
[Black "Roth, Ralf"]
[Result "1/2-1/2"]
[WhiteElo "1855"]
[BlackElo "1867"]
[PlyCount "93"]
[EventDate "2014.??.??"]
[WhiteTeam "SV Ammern"]
[BlackTeam "Randspringer Bad Salzungen"]

1. e4 e6 2. d4 d5 3. Nd2 dxe4 4. Nxe4 Bd7 5. Nf3 Bc6 6. Bd3 Nd7 7. O-O Ngf6 8.
Qe2 Bxe4 9. Bxe4 Nxe4 10. Qxe4 c6 11. c4 Be7 12. h3 O-O 13. Bf4 Nf6 14. Qe5 Nd7
15. Qe2 c5 16. Rfd1 cxd4 17. Rxd4 Bc5 18. Rd3 Qe7 19. Rad1 Nf6 20. Qe5 Bb6 21.
Be3 Bxe3 22. Qxe3 b6 23. Ne5 Qc7 24. Rd6 Nd5 25. Qa3 Nf6 26. f4 g6 27. Qb4 Rad8
28. Qa3 Ne4 29. Rxd8 Rxd8 30. Rxd8+ Qxd8 31. Qxa7 Qd4+ 32. Kh2 Nd6 33. Qa8+ Kg7
34. Qf3 Qxb2 35. Nd7 Nxc4 36. Qd3 b5 37. a4 bxa4 38. Qxc4 a3 39. Ne5 a2 40. Qc7
Qa3 41. Qxf7+ Kh8 42. Qf6+ Kg8 43. Qxe6+ Kg7 44. Qd7+ Kg8 45. Qf7+ Kh8 46. Qf6+
Kg8 47. Qf7+ 1/2-1/2

[Event "Landesklasse West 2013/2014"]
[Site "?"]
[Date "2014.03.02"]
[Round "7"]
[White "Schulz, Tilo"]
[Black "Salaske, Peter"]
[Result "1/2-1/2"]
[WhiteElo "1873"]
[BlackElo "1859"]
[PlyCount "53"]
[EventDate "2014.??.??"]
[WhiteTeam "Randspringer Bad Salzungen"]
[BlackTeam "SV Ammern"]

1. d4 Nf6 2. c4 c5 3. d5 b5 4. cxb5 a6 5. b6 d6 6. a4 Qxb6 7. Nc3 g6 8. a5 Qc7
9. e4 Bg7 10. Be2 O-O 11. Nf3 Bg4 12. O-O Nbd7 13. Nd2 Bxe2 14. Qxe2 Rfb8 15.
Nc4 Qb7 16. Bd2 Ne8 17. Bg5 Bf6 18. Bxf6 Nexf6 19. Rfb1 Qb4 20. h3 Qb7 21. f4
Kg7 22. Qd3 Qc7 23. b3 Rb4 24. Na2 Rb5 25. Nc3 Rb4 26. Na2 Rb5 27. Nc3 1/2-1/2

[Event "Landesklasse West 2013/2014"]
[Site "?"]
[Date "2014.03.02"]
[Round "7"]
[White "Breuer, Harald"]
[Black "Feldmann, Bernd"]
[Result "0-1"]
[WhiteElo "1845"]
[BlackElo "1817"]
[PlyCount "42"]
[EventDate "2014.??.??"]
[WhiteTeam "SV Ammern"]
[BlackTeam "Randspringer Bad Salzungen"]

1. e4 e6 2. d4 d5 3. Nd2 Nf6 4. e5 Nfd7 5. Bd3 c5 6. c3 Nc6 7. Ne2 Qb6 8. Nf3
cxd4 9. cxd4 f6 10. exf6 Nxf6 11. O-O Bd6 12. Re1 O-O 13. b3 Bd7 14. Bb2 Rae8
15. Rc1 e5 16. dxe5 Nxe5 17. Nxe5 Bxe5 18. Ba3 Bxh2+ 19. Kh1 Ng4 20. Bxh7+ Kh8
21. Qd2 Bf4 0-1

[Event "Landesklasse West 2013/2014"]
[Site "?"]
[Date "2014.03.02"]
[Round "7"]
[White "Kunze, Heinz"]
[Black "Hentrich, Jörg"]
[Result "0-1"]
[WhiteElo "1693"]
[BlackElo "1727"]
[PlyCount "72"]
[EventDate "2014.??.??"]
[WhiteTeam "Randspringer Bad Salzungen"]
[BlackTeam "SV Ammern"]

1. e4 Nf6 2. Nc3 d5 3. exd5 Nxd5 4. Qf3 Nb4 5. Qe4 N8c6 6. Bb5 Bd7 7. Bxc6 Bxc6
8. Qxb4 Bxg2 9. f3 Bxh1 10. Qxb7 f6 11. Qc6+ Kf7 12. Qc4+ e6 13. Ne4 Bd6 14.
Ng3 Bxg3+ 15. hxg3 g5 16. Qg4 Qd6 17. Qh5+ Kg7 18. Qxh1 Qxg3+ 19. Kf1 Rad8 20.
d3 h5 21. Bd2 c5 22. Bc3 Qf4 23. Re1 e5 24. Ne2 Qa4 25. Rc1 Qxa2 26. Kf2 Qd5
27. b3 g4 28. Rg1 Kf7 29. fxg4 Qxh1 30. Rxh1 hxg4 31. Rxh8 Rxh8 32. Kg3 Rg8 33.
Bd2 f5 34. Be3 Rc8 35. Bd2 Ke6 36. Nc3 Rh8 {ZÜ} 0-1

[Event "Landesklasse West 2013/2014"]
[Site "?"]
[Date "2014.03.02"]
[Round "7"]
[White "Böhm, Bernd"]
[Black "Mäurer, Michael"]
[Result "1/2-1/2"]
[WhiteElo "1609"]
[BlackElo "1592"]
[PlyCount "37"]
[EventDate "2014.??.??"]
[WhiteTeam "SV Ammern"]
[BlackTeam "Randspringer Bad Salzungen"]

1. e4 d5 2. exd5 Qxd5 3. Nc3 Qd6 4. Bc4 Nf6 5. d3 Bg4 6. Nge2 Bxe2 7. Qxe2 c6
8. O-O Nbd7 9. Ne4 Nxe4 10. dxe4 e6 11. Bd2 Qc7 12. Bc3 Bd6 13. g3 Be5 14. Qe3
Bxc3 15. Qxc3 O-O 16. f4 Qb6+ 17. Kh1 Nf6 18. Rae1 Rad8 19. e5 1/2-1/2

[Event "Landesklasse West 2013/2014"]
[Site "?"]
[Date "2014.03.02"]
[Round "7"]
[White "Anisheva, Varvara"]
[Black "Klaus, Christian"]
[Result "1/2-1/2"]
[WhiteElo "2010"]
[BlackElo "1986"]
[PlyCount "33"]
[EventDate "2014.??.??"]
[WhiteTeam "SC 51 Nordhausen"]
[BlackTeam "SV Breitenworbis"]

1. b3 Nf6 2. Bb2 d6 3. e3 g6 4. d3 Bg7 5. Nd2 O-O 6. Ne2 b6 7. Ng3 Bb7 8. Rb1
e5 9. e4 Nbd7 10. Be2 h5 11. h4 Nc5 12. Bf3 Ne6 13. Ngf1 Nd4 14. Ne3 d5 15.
exd5 Nxd5 16. Nxd5 Nxf3+ 17. Nxf3 1/2-1/2

[Event "Landesklasse West 2013/2014"]
[Site "?"]
[Date "2014.03.02"]
[Round "7"]
[White "Petiko, Nikolai"]
[Black "Königsmann, Marcus"]
[Result "1/2-1/2"]
[WhiteElo "1967"]
[BlackElo "1883"]
[PlyCount "50"]
[EventDate "2014.??.??"]
[WhiteTeam "SV Breitenworbis"]
[BlackTeam "SC 51 Nordhausen"]

1. e4 c6 2. d4 d5 3. Nc3 dxe4 4. Nxe4 Bf5 5. Ng3 Bg6 6. h4 h6 7. f4 e6 8. Nf3
Nd7 9. h5 Bh7 10. Bd3 Bxd3 11. Qxd3 Qc7 12. Bd2 O-O-O 13. Qe2 Ngf6 14. O-O-O c5
15. Ne5 Nxe5 16. dxe5 Nd5 17. c4 Nb4 18. Bxb4 cxb4 19. Rxd8+ Qxd8 20. Rd1 Qa5
21. Qd3 Qc7 22. Kb1 Be7 23. Qc2 Rd8 24. Rxd8+ Qxd8 25. Ne4 Qd4 1/2-1/2

[Event "Landesklasse West 2013/2014"]
[Site "?"]
[Date "2014.03.02"]
[Round "7"]
[White "Hüllenhagen, Andreas"]
[Black "Gast, Rainer"]
[Result "0-1"]
[WhiteElo "1657"]
[BlackElo "1878"]
[PlyCount "70"]
[EventDate "2014.??.??"]
[WhiteTeam "SC 51 Nordhausen"]
[BlackTeam "SV Breitenworbis"]

1. d4 d5 2. Nf3 Nf6 3. e3 e6 4. Bd3 Be7 5. Nbd2 b6 6. Ne5 Bb7 7. f4 O-O 8. Qf3
c5 9. c3 Nc6 10. O-O Ne8 11. Kh1 f5 12. g4 g6 13. Nxc6 Bxc6 14. g5 Kg7 15. h4
Rh8 16. a4 h6 17. Kg2 Nd6 18. Qg3 Qd7 19. b3 c4 20. Bc2 b5 21. a5 cxb3 22. Bxb3
Nc4 23. Kf2 Nxd2 24. Bxd2 h5 25. a6 Rab8 26. Bc2 Rb6 27. Ra5 b4 28. Bd3 bxc3
29. Bxc3 Rb3 30. Rc1 Rc8 31. Qg1 Bd8 32. Ra2 Bb5 33. Bxb5 Qxb5 34. Qe1 Qd3 35.
Rac2 Ba5 0-1